| 000 | 01890 a2200205 4500 | ||
|---|---|---|---|
| 001 | 54381 | ||
| 005 | 20260407155816.0 | ||
| 008 | 260407a1959 arg spa d | ||
| 003 | AR-UNSa-BCEJYS | ||
| 040 |
_aAR-UNSa-BCEJYS _bspa _cAR-UNSa-BCEJYS |
||
| 080 |
_a336.1 _xFinanzas Públicas. Finanzas del gobierno en general |
||
| 245 | 1 | 0 | _aPrincipios de ciencia de las finanzas |
| 250 | _a6a.ed. | ||
| 264 | 1 |
_aBuenos Aires : _bRoque Depalma Editor _c1959 |
|
| 300 |
_a419 p. _c24 cm. |
||
| 505 | _aPrimera parte: Problemas teóricos generales y líneas fundamentales del sistema financiero italiano - I. La actividad financiera - II. El presupuesto del Estado - III. Los gastos públicos - IV. El sistema de los recursos públicos - V. Presión financiera - VI. Traslación,incidencia y difusión de los impuestos y rentas fiscales - Segunda parte: Análisis crítico de los recursoso públicos - VII. Las retribuciones,el dominio,el patrimonio y las empresas públicas - VIII. Las tasas - IX. Contribuciones e impuestos especiales - X. Teoría general del impuesto - XI. Impuestos directos reales a los réditos - XII. Impuestos directos personales a los réditos - XIII. La determinación de los impuestos a los réditos despues de las Leyes Vanoni y Tremelloni - XIV. Impuestos directos sobre el patrimonio - XV. Impuestos sobre las transferencias de la riqueza - XVI. Impuesto general sobre el ingreso - XVII. Monopolios fiscales,impuestos de fabricación,derechos aduaneros y otros impuestos indirectos estatales - XVIII. Análisis estadístico y comparado del producido de lso ingresos estatales desde 1938-1939 hasta 1956-1957 - XIX. Finanzas locales y regionales - XX. Contencioso tributario y recaudación de los impuestos - XXI. La deuda pública y los recursos extraordinarios | ||
| 942 | _cBK | ||
| 590 | _aniveau_biblio:m niveau_hierar:0 | ||
| 100 | 1 | _aGriziotti, Benvenuto | |
| 999 |
_c5541 _d5541 |
||